000 01372cas a2200373 4500
001 11242636
003 OSt
005 20110920155726.0
008 810508u19uu9999ug ar w f uuua eng
010 _a 80647533
022 _2LDC
_a22205101
035 _a(OCoLC)ocm07403485
040 _aDLC
_cDLC
_dNST
_dMnMULS
042 _alc
043 _af-ug---
050 0 0 _aLAW
082 _a348.6761041
110 1 0 _aUganda.
_bLaw Development Centre
_95571
245 1 4 _aThe Uganda law reports Citation : [2008] U.L.R /
_cBakunzi Didas Mufasha
260 0 0 _aKampala,
_bLaw Development Centre.
300 _av.
_c25 cm.
310 _aAnnual
590 _aSERBIB/SERLOC merged record
650 0 _aLaw reports, digests, etc.
_zUganda.
_95572
901 _cBind/Label
906 _a7
_bcbc
_cserials
_d4
_encip
_f19
_gn-oclcserc
936 _a2008
942 _2ddc
_cLRT
999 _c4725
_d4725